000 01142nam a2200277 i 4500
001 66821
003 ES-MaACL
005 20230906165842.0
007 t|
008 040405s2003 sp ||||1| spa d
020 _a84-95394-49-4
080 _a581.9(460.288)
245 0 0 _a100 flores de los campos de Albacete :
_bguía divulgativa de cien especies de plantas comunes en los campos y orillas de caminos de Albacete /
_cJosé Fajardo Rodríguez (coordinador) y participantes de la Universidad Popular de Albacete.
246 3 _aCien flores de los campos de Albacete
260 _aAlbacete :
_bInstituto de Estudios Albacetenses "Don Juan Manuel",
_c2003.
300 _a119 p. :
_bil. col. ;
_c24 cm.
490 1 _aSerie I-Estudios ;
_v143
650 4 _aBotánica-
_zAlbacete (Provincia)
_910611
650 4 _aFlores silvestres-
_zAlbacete (Provincia)-
_vGuías.
_912911
700 1 _aFajardo Rodríguez, José.
_948678
710 2 _aInstituto de Estudios Albacetenses.
_94884
710 2 _aUniversidad Popular de Albacete.
_97454
830 1 _aSerie I-Estudios ;
_v143
_9179228
852 4 _aES-MaACL
_jL-27283
999 _c66821
_d66821